Central Library OPAC University of Rajshahi

Foundry practice / (Record no. 17184)

MARC details
000 -LEADER
fixed length control field 00726cam a22002531 4500
001 - CONTROL NUMBER
control field 17184
003 - CONTROL NUMBER IDENTIFIER
rucl marc code BD-RjUL
005 - DATE AND TIME OF LATEST TRANSACTION
control field 20211209000112.0
008 - FIXED-LENGTH DATA ELEMENTS--GENERAL INFORMATION
fixed length control field 140216r19511966xx a 001 0 eng
035 ## - SYSTEM CONTROL NUMBER
System control number (BD-RjUL) 17241
System control number (OCoLC)2922660
040 ## - CATALOGING SOURCE
Original cataloging agency DLC
Transcribing agency ODa
Modifying agency Uk
-- DLC
-- BD-RjUL
Language of cataloging eng
041 ## - LANGUAGE CODE
Language code of text/sound track or separate title eng
082 ## - DEWEY DECIMAL CLASSIFICATION NUMBER
Classification number 671
Author mark and year SAF 1951
100 1# - MAIN ENTRY--PERSONAL NAME
Personal name Salmon, William H.
9 (RLIN) 52996
245 10 - TITLE STATEMENT
Title Foundry practice /
Statement of responsibility, etc. by William H. Salmon and Eric N. Simons. With illustrations by E. G. Gardner.
260 ## - PUBLICATION, DISTRIBUTION, ETC. (IMPRINT)
Place of publication, distribution, etc. London :
Name of publisher, distributor, etc. Pitman,
Date of publication, distribution, etc. 1951.
300 ## - PHYSICAL DESCRIPTION
Pagination xiii, 384 p. :
Illustrations illus. ;
Size 23 cm.
504 ## - BIBLIOGRAPHY, ETC. NOTE
Bibliography, etc Includes Index.
650 #0 - SUBJECT ADDED ENTRY--TOPICAL TERM
Topical term or geographic name as entry element Founding.
9 (RLIN) 52997
942 ## - ADDED ENTRY ELEMENTS (KOHA)
Source of classification or shelving scheme Dewey Decimal Classification
Koha item type Books
Holdings
Lost status Source of classification or shelving scheme Damaged status Not for loan Collection code Permanent Location Current Location Shelving location Date acquired Source of acquisition Cost, normal purchase price Total Checkouts Full call number Date last seen Copy number Koha item type
  Dewey Decimal Classification     Non-fiction Central Library, University of Rajshahi Central Library, University of Rajshahi   14/05/1975 B.N.B.C. 0.00   671 SAF 1951 16/02/2014 C-2 Books
  Dewey Decimal Classification   Not For Loan Non-fiction Central Library, University of Rajshahi Central Library, University of Rajshahi Reading Room 14/05/1975 B.N.B.C.     671 SAF 1966 03/12/2019 C-1 Books